000
00232 a2200097 4500
001
7070
100
_a
Rashid, /a.Sh
245
_a
Short history of pak the mughal empire
260
_a
_b
University of Karachi
_c
090
_c
5840
_d
5840
942
_a
NUST-CAE
_c
M
_c
32312
999
_c
242143
_d
242143